000 00701nam a22001697a 4500
008 110222t xxu||||| |||| 00| 0 eng d
082 _a335
_bأ ح م
100 _922253
_aأحمد ، عبد الكريم
245 _aبحوث في الاشتراكية /
_cعبد الكريم أحمد
260 _aبيروت :
_bالمؤسسة العربية للدراسات والنشر ،1972
_c1972
300 _a192 ص ؛
_c24 سم
650 _98522
_aالاشتراكية
650 _922254
_aالاشتراكيون
650 _916253
_aالماركسية
942 _2ddc
_cBB
999 _c14953
_d14953